| 000 | 01080cam a2200325 4500 | ||
|---|---|---|---|
| 008 | 090401t1998 xxu||||| |||| 00| 0 eng d | ||
| 020 | _a1851121250 | ||
| 035 | _a(Sirsi) u88932 | ||
| 041 | _aeng | ||
| 050 | _a711.3 | ||
| 110 |
_aUnited Kingdom _bDepartment of the Environment, Transport and the Regions _93507 |
||
| 245 | _aBuilding partnerships in the English regions : a study report of regional and sub-regional partnerships in England. | ||
| 260 |
_aLondon _bDETR _c1998 |
||
| 300 | _a65p. ; 30cm. | ||
| 350 | _a11.5 | ||
| 520 | _aReport prepared for the DETR by GFA Consulting and the European Institute for Urban Affairs. | ||
| 650 | _aREGIONAL DEVELOPMENT AGENCIES | ||
| 650 | _aREGIONAL PARTNERSHIPS | ||
| 690 | _aECONOMIC AND SOCIAL | ||
| 700 | _aHarding, Alan | ||
| 700 | _aFordham, Geoff | ||
| 700 | _aEvans, Richard | ||
| 700 | _aFordham, Rachel | ||
| 700 | _aHarrison, Andrew | ||
| 700 | _aParkinson, Michael | ||
| 710 |
_aGFA Consulting _9608 |
||
| 710 |
_aEuropean Institute for Urban Affairs _9650 |
||
| 942 | _n0 | ||
| 948 | _c12/10/1998 | ||
| 999 |
_c97401 _d97401 |
||